Introducción al análisis de decisiones financieras (Registro nro. 4465)
[ vista simple ]
| 000 -LEADER | |
|---|---|
| fixed length control field | 01624 a2200205 4500 |
| 001 - CONTROL NUMBER | |
| control field | 47797 |
| 005 - DATE AND TIME OF LATEST TRANSACTION | |
| control field | 20260407155744.0 |
| 008 - FIXED-LENGTH DATA ELEMENTS--GENERAL INFORMATION | |
| fixed length control field | 260407a1985 arg spa d |
| 003 - CONTROL NUMBER IDENTIFIER | |
| control field | AR-UNSa-BCEJYS |
| 040 ## - CATALOGING SOURCE | |
| Original cataloging agency | AR-UNSa-BCEJYS |
| Language of cataloging | spa |
| Transcribing agency | AR-UNSa-BCEJYS |
| 080 ## - UNIVERSAL DECIMAL CLASSIFICATION NUMBER | |
| Universal Decimal Classification number | 658.15 |
| Common auxiliary subdivision | Administración financiera privada. Gestión financiera de empresas<br/> |
| 020 ## - INTERNATIONAL STANDARD BOOK NUMBER | |
| International Standard Book Number | 950-541-024-7 |
| 100 1# - MAIN ENTRY--PERSONAL NAME | |
| Personal name | Pascale, Ricardo |
| 245 10 - TITLE STATEMENT | |
| Title | Introducción al análisis de decisiones financieras |
| 264 #1 - PRODUCTION, PUBLICATION, DISTRIBUTION, MANUFACTURE, AND COPYRIGHT NOTICE | |
| Place of production, publication, distribution, manufacture | Buenos Aires : |
| Name of producer, publisher, distributor, manufacturer | Ediciones Contabilidad Moderna |
| Date of production, publication, distribution, manufacture, or copyright notice | 1985 |
| 300 ## - PHYSICAL DESCRIPTION | |
| Extent | 382 p. |
| Dimensions | 22 cm. |
| 505 ## - FORMATTED CONTENTS NOTE | |
| Formatted contents note | Parte I: INTRODUCCIÓN: 1. Alcances y objetivos de las finanzas -- Parte II: 2. Decisiones de inversión - 3. Criterios para el análisis de inversión - 4. Tasas de rentabilidad versus valor presente neto - 5. Definición del flujo de fondos - 6. Análisis de inversiones en condiciones de incertidumbres - 7. Análisis de portafolios de inversiones - 8. Fundamentos teóricos sobre riesgo y retorno - 9. El retorno requerido para los proyectos - 10. La inflación y el análisis de inversiones fijas y de activos de trabajo -- Parte III: 11. Los elementos del análisis de decisiones de financiamiento - 12. Cálculo del costo de las deudas - 13. El "leverage" y sus efectos - 14. Decisiones de estructura financiera - 15. La determinación del nivel de endeudamiento en la práctica - 16. Elementos para algunas decisiones en moneda extranjera - Parte IV: 17. Factores que influyen la política de dividendos - 18. Dividendos y su relación con inversiones y financiamientos. |
| 590 ## - LOCAL NOTE (RLIN) | |
| Local note | niveau_biblio:m niveau_hierar:0 |
| 942 ## - ADDED ENTRY ELEMENTS (KOHA) | |
| Koha item type | |
| Withdrawn status | Lost status | Damaged status | Not for loan | Home library | Current library | Shelving location | Date acquired | Total checkouts | Full call number | Barcode | Date last seen | Price effective from | Koha item type |
|---|---|---|---|---|---|---|---|---|---|---|---|---|---|
| Biblioteca Prof. Eusebio Cleto del Rey | Biblioteca Prof. Eusebio Cleto del Rey | 07/04/2026 | 658.15 P278i | L39579 | 07/04/2026 | 07/04/2026 | Libro |